| 000 | 00352nam a2200133Ia 4500 | ||
|---|---|---|---|
| 008 | 220204s9999 xx 000 0 und d | ||
| 082 |
_a546 _bCOT |
||
| 100 | _aWilkinson, F Albert | ||
| 245 | 0 | _aAdvanced inorganic chemistry: A comprehensive text | |
| 260 |
_aNew York _bJohn Wiley _c1962 |
||
| 650 | _aInorganic chemistry | ||
| 700 | _aG | ||
| 942 | _cBK | ||
| 999 |
_c19701 _d19701 |
||